000 005600000a22001810004500
003 MACL
005 20160128154310.0
008 160128b xxu||||| |||| 00| 0 eng d
040 _aMACL
_cMACL
041 _aHindi
082 _a495/SUM
100 _aडॉ सुरेन्‍द सुमन
_934977
245 _aवर्णनात्‍मक हिन्‍दी भाषा
260 _bसरस्‍वती प्र‍काशन
_c1993
_aपटना
350 _a33
650 _aOther Language
_934978
942 _cHIN
_k495 /SUM
_2ddc
999 _c30939
_d30939